000 00311nam a22001217a 4500
008 180427b xxu||||| |||| 00| 0 eng d
041 _aeng
080 _a043.3
100 _a0
101 _aMK-BTH
245 _aRoli i mediave audiovizuele në zgjedhjet parlamentare në Kosovë
_cKarjagdiu,V
942 _2udc
_cBK
999 _c45635
_d45635